Èlit també s'escriu en femení / Carola Barriga Morell, Anna Solana Duch
Descripción Física:
44 p. ; 24 cm
Otros Autores:
Solana Duch, Anna
Materias:
Dones esportistes
MARC
| LEADER | 00000nam a2200000Ia 4500 | ||
|---|---|---|---|
| 001 | 12431 | ||
| 008 | 160829s1999 xx 000 0 cat d | ||
| 080 | |a P-1-27 | ||
| 100 | |a Barriga Morell, Carola |9 34915 | ||
| 245 | |a Èlit també s'escriu en femení / Carola Barriga Morell, Anna Solana Duch | ||
| 260 | |a Barcelona : |b Diputació de Barcelona, Servei d'Esports i Turisme, |c 1999 | ||
| 300 | |a 44 p. ; |c 24 cm | ||
| 650 | |a Dones esportistes |9 34916 | ||
| 700 | |a Solana Duch, Anna |9 34917 | ||
| 710 | 2 | |a Barcelona (Catalunya : Província). |b Servei d'Esports i Turisme |9 54307 | |
| 901 | |a Arxiu | ||
| 942 | |n 1 | ||
| 952 | |0 0 |1 0 |4 0 |6 P127 |7 1 |9 46693 |a Arxiu |b Arxiu |d 2016-12-01 |l 0 |o P-1-27 |p 12431 |r 2016-12-01 00:00:00 |w 2016-12-01 |y ARXIU | ||
| 999 | |c 50486 |d 50486 | ||